[Event "Glorney Cup"]
[Site "Cardiff"]
[Date "2017.07.25"]
[Round "4.10"]
[White "Nolan, Dermot"]
[Black "Chemla, Oscar"]
[Result "0-1"]
[WhiteElo "1655"]
[BlackElo "1984"]
[PlyCount "72"]
[EventDate "2017.07.24"]
[EventType "team-tourn"]
[EventRounds "5"]
[EventCountry "WLS"]
[SourceTitle "CBM 179 Extra"]
[Source "ChessBase"]
[SourceDate "2017.08.23"]
[SourceVersion "1"]
[SourceVersionDate "2017.08.23"]
[SourceQuality "1"]
[WhiteTeam "Ireland II"]
[BlackTeam "France"]
[WhiteTeamCountry "IRL"]
[BlackTeamCountry "FRA"]

1. e4 c5 2. Nf3 d6 3. d4 cxd4 4. Nxd4 Nf6 5. Nc3 a6 6. Bg5 e6 7. f4 Nbd7 8. Qf3 Qc7 9. 0-0-0 b5 10. Bd3 Bb7 11. Rhe1 Be7 12. Qe3 h6 13. Bh4 Rc8 14. f5 e5 15. Nf3 Nb6 16. Bxf6 gxf6 17. Re2 Kf8 18. Red2 b4 19. Ne2 d5 20. Ng3 d4 21. Qe1 Na4 22. Kb1 Nc3+ 23. Ka1 Nxd1 24. Rxd1 a5 25. Nd2 a4 26. Bc4 Qa5 27. Qe2 b3 28. cxb3 axb3 29. Bxb3 Ba6 30. Qf2 Bb4 31. Nf3 Ke7 32. Nf1 Rc7 33. N1d2 Rhc8 34. Qe1 Bd3 35. Bd5 Rc2 36. g3 Rxb2 0-1

[Event "Glorney Cup"]
[Site "Cardiff"]
[Date "2017.07.24"]
[Round "2.5"]
[White "Scott, Luke"]
[Black "Chemla, Oscar"]
[Result "1/2-1/2"]
[WhiteElo "1748"]
[BlackElo "1984"]
[PlyCount "49"]
[EventDate "2017.07.24"]
[EventType "team-tourn"]
[EventRounds "5"]
[EventCountry "WLS"]
[SourceTitle "CBM 179 Extra"]
[Source "ChessBase"]
[SourceDate "2017.08.23"]
[SourceVersion "1"]
[SourceVersionDate "2017.08.23"]
[SourceQuality "1"]
[WhiteTeam "Ireland"]
[BlackTeam "France"]
[WhiteTeamCountry "IRL"]
[BlackTeamCountry "FRA"]

1. d4 Nf6 2. c4 c5 3. d5 b5 4. cxb5 a6 5. bxa6 Bxa6 6. Nc3 d6 7. e4 Bxf1 8. Kxf1 g6 9. Nf3 Bg7 10. g3 0-0 11. Kg2 Nbd7 12. a4 Qa5 13. Re1 Rfb8 14. Qe2 Nb6 15. Bd2 Qb4 16. Reb1 Qc4 17. Qxc4 Nxc4 18. b3 Nxd2 19. Nxd2 Nd7 20. Rc1 Ne5 21. Rab1 Nd3 22. Rc2 Nb4 23. Rcc1 Nd3 24. Rc2 Nb4 25. Rcc1 1/2-1/2

[Event "Glorney Cup"]
[Site "Daventry"]
[Date "2016.07.19"]
[Round "5.2"]
[White "Pannwitz, Kai"]
[Black "Chemla, Oscar"]
[Result "0-1"]
[WhiteElo "1907"]
[BlackElo "2044"]
[PlyCount "98"]
[EventDate "2016.07.17"]
[EventType "team-tourn"]
[EventRounds "5"]
[EventCountry "ENG"]
[SourceTitle "CBM 173 Extra"]
[Source "ChessBase"]
[SourceDate "2016.08.29"]
[SourceVersion "1"]
[SourceVersionDate "2016.08.29"]
[SourceQuality "1"]
[WhiteTeam "Scotland"]
[BlackTeam "France"]
[WhiteTeamCountry "SCO"]
[BlackTeamCountry "FRA"]

1. d4 Nf6 2. c4 e6 3. Nc3 Bb4 4. Qc2 Nc6 5. Nf3 d6 6. Bd2 0-0 7. a3 Bxc3 8. Bxc3 Re8 9. g3 e5 10. d5 Nb8 11. Bg2 a5 12. Rd1 a4 13. c5 Nbd7 14. cxd6 cxd6 15. e4 b6 16. Bf1 Nc5 17. Nd2 Bd7 18. Be2 Rb8 19. 0-0 Bh3 20. Rfe1 Qd7 21. f3 h5 22. Nf1 Rec8 23. Qd2 Nh7 24. Ne3 f6 25. Nc2 g5 26. Ne3 Nf8 27. g4 hxg4 28. Kf2 Qh7 29. Rg1 Qh4+ 30. Rg3 gxf3 31. Bxf3 Kf7 32. Qe2 Ng6 33. Rh1 Nf4 34. Qd1 Bd7 35. Nf5 Bxf5 36. exf5 Rh8 37. Ke3 Nfd3 38. Bg4 Qh7 39. h3 Qg8 40. Rg2 Ke7 41. Bf3 Nf4 42. Rgh2 Qg7 43. Qf1 b5 44. Bb4 Ncd3 45. Bc3 Qf8 46. Be4 Nc5 47. Bf3 Qd8 48. Qg1 Qb6 49. Qd1 Nb3+ 0-1

[Event "Glorney Cup"]
[Site "Daventry"]
[Date "2016.07.17"]
[Round "1.7"]
[White "Chemla, Oscar"]
[Black "Li, Henry"]
[Result "0-1"]
[WhiteElo "2044"]
[BlackElo "1990"]
[PlyCount "50"]
[EventDate "2016.07.17"]
[EventType "team-tourn"]
[EventRounds "5"]
[EventCountry "ENG"]
[SourceTitle "CBM 173 Extra"]
[Source "ChessBase"]
[SourceDate "2016.08.29"]
[SourceVersion "1"]
[SourceVersionDate "2016.08.29"]
[SourceQuality "1"]
[WhiteTeam "France"]
[BlackTeam "Ireland"]
[WhiteTeamCountry "FRA"]
[BlackTeamCountry "IRL"]

1. e4 e5 2. Nf3 Nc6 3. Bc4 Nf6 4. d3 Bc5 5. c3 a6 6. Bb3 Ba7 7. Nbd2 d6 8. h3 h6 9. Nf1 d5 10. Qe2 0-0 11. Ng3 Be6 12. Bc2 b5 13. exd5 Nxd5 14. 0-0 Re8 15. Re1 f5 16. Bb3 Qf6 17. Bd2 Bf7 18. Nh2 Rad8 19. Qf3 Nce7 20. Re2 f4 21. Ng4 Qg6 22. Ne4 Nf5 23. g3 h5 24. Nxe5 Rxe5 25. Bxf4 Nh4 0-1

[Event "Rotterdam Basamro blitz op "]
[Site "Rotterdam"]
[Date "2015.10.24"]
[Round "5"]
[White "Davis, Holden"]
[Black "Chemla, Oscar"]
[Result "1-0"]
[WhiteElo "1720"]
[BlackElo "2023"]
[PlyCount "67"]
[EventDate "2015.10.24"]
[EventType "swiss (blitz)"]
[EventRounds "8"]
[EventCountry "NED"]
[SourceTitle "EXT 2018"]
[Source "ChessBase"]
[SourceDate "2017.10.13"]
[SourceVersion "1"]
[SourceVersionDate "2017.10.13"]
[SourceQuality "1"]

1. e4 c5 2. d4 cxd4 3. c3 d5 4. exd5 Qxd5 5. cxd4 Nc6 6. Nf3 Bg4 7. Nc3 Qa5 8. Bd2 e6 9. Bb5 Nf6 10. 0-0 Be7 11. h3 Bh5 12. g4 Bg6 13. Ne5 Rc8 14. Qf3 Qb6 15. Be3 0-0 16. Nxg6 hxg6 17. Rfd1 Qd8 18. Rac1 Nb4 19. a3 Nbd5 20. Bg5 a6 21. Bd3 Qb6 22. Nxd5 Nxd5 23. Bxe7 Nxe7 24. b4 Nd5 25. Be4 Rxc1 26. Rxc1 Qxd4 27. Rd1 Qc3 28. Bxd5 Qc7 29. Ba2 Rc8 30. Qd3 b5 31. Bb3 Qe5 32. Kg2 Rc3 33. Qd8+ Kh7 34. Qh4+ 1-0

[Event "Rotterdam Basamro blitz op "]
[Site "Rotterdam"]
[Date "2015.10.24"]
[Round "8"]
[White "Jina, Taran"]
[Black "Chemla, Oscar"]
[Result "0-1"]
[WhiteElo "1779"]
[BlackElo "2023"]
[PlyCount "118"]
[EventDate "2015.10.24"]
[EventType "swiss (blitz)"]
[EventRounds "8"]
[EventCountry "NED"]
[SourceTitle "EXT 2018"]
[Source "ChessBase"]
[SourceDate "2017.10.13"]
[SourceVersion "1"]
[SourceVersionDate "2017.10.13"]
[SourceQuality "1"]

1. Nf3 c5 2. g3 Nc6 3. Bg2 e5 4. e4 g6 5. d3 Bg7 6. c3 Nge7 7. Be3 d6 8. Nbd2 0-0 9. 0-0 f5 10. Ne1 f4 11. Nc4 fxe3 12. Nxe3 b5 13. Qb3+ Kh8 14. Qxb5 Rb8 15. Qa4 Rxb2 16. N1c2 Be6 17. Qa3 Rb8 18. f4 exf4 19. gxf4 Qa5 20. Qxa5 Nxa5 21. d4 Rb2 22. Rf2 Rxa2 23. Rxa2 Bxa2 24. Na3 Be6 25. d5 Bd7 26. c4 Rb8 27. Bf1 Bd4 28. Re2 Rb3 29. Nac2 Rc3 30. Kg2 Nxc4 31. Nxd4 cxd4 32. Nxc4 Rxc4 33. Rb2 Rc7 34. Bd3 Kg7 35. Kf3 Kf6 36. Re2 Rc3 37. e5+ dxe5 38. fxe5+ Kg7 39. Ke4 Bf5+ 40. Kxd4 Rxd3+ 41. Kc5 Rxd5+ 42. Kc4 Bd3+ 43. Kc3 Bxe2 44. h4 Rd3+ 45. Kc2 Rh3 46. e6 Kf6 47. Kd2 Bb5 48. h5 Rxh5 49. Ke3 Re5+ 50. Kf4 Rxe6 51. Kf3 a5 52. Kf2 a4 53. Kf3 a3 54. Kf2 a2 55. Kf3 a1Q 56. Kf4 Qf1+ 57. Kg3 Re2 58. Kg4 Rg2+ 59. Kh3 Qh1# 0-1